Analysing and aiding decision processes

Gespeichert in:
Bibliographische Detailangaben
Weitere Verfasser: Humphreys, Patrick
Format: Buch
Sprache:Englisch
Veröffentlicht: Budapest Akadémiai Kiadó 1983
Tags: Tag hinzufügen
Keine Tags, Fügen Sie das erste Tag hinzu!

MARC

LEADER 00000nam a2200000 4500
001 c113153
005 20230316131229.6
041 0 |a eng 
044 |a HU 
245 1 0 |a Analysing and aiding decision processes  |c Ed. by Patrick Humphreys 
264 1 |a Budapest  |b Akadémiai Kiadó  |c 1983 
300 |a 565 s. 
700 1 |a Humphreys, Patrick